Empowering at-risk children (Record no. 67672)

MARC details
000 -CABECERA
campo de control de longitud fija 00680nam a2200265 a 4500
005 - FECHA Y HORA DE LA ÚLTIMA TRANSACCIÓN
campo de control 20210219153053.0
008 - ELEMENTOS DE LONGITUD FIJA--INFORMACIÓN GENERAL
campo de control de longitud fija 991125n 000 0 u
035 ## - NÚMERO DE CONTROL DEL SISTEMA
Número de control de sistema UPN01000075860
100 ## - ASIENTO PRINCIPAL--NOMBRE PERSONAL
Nombre de persona WEBB, Wanda.
222 ## - TÍTULO CLAVE
Título clave ELEMENTARY SCHOOL GUIDANCE AND COUNSELING
245 ## - MENCIÓN DE TÍTULO
Título Empowering at-risk children
300 ## - DESCRIPCIÓN FÍSICA
Extensión 96-103
362 ## - FECHAS DE PUBLICACIÓN Y/O DESIGNACIÓN SECUENCIAL
Fecha de publicación y/o designación secuencial 1992 Vol. 27, no. 2, dec.
653 0# - TERMINO DE INDIZACION - NO CONTROLADO
Término no controlado ABUSO SEXUAL
653 0# - TERMINO DE INDIZACION - NO CONTROLADO
Término no controlado APRENDIZAJE
653 0# - TERMINO DE INDIZACION - NO CONTROLADO
Término no controlado ASESORIA EDUCATIVA
653 0# - TERMINO DE INDIZACION - NO CONTROLADO
Término no controlado BIBLIOTERAPIA
653 0# - TERMINO DE INDIZACION - NO CONTROLADO
Término no controlado COMPORTAMIENTO
653 0# - TERMINO DE INDIZACION - NO CONTROLADO
Término no controlado CONOCIMIENTO
653 0# - TERMINO DE INDIZACION - NO CONTROLADO
Término no controlado EDUCACION ESPECIAL
653 0# - TERMINO DE INDIZACION - NO CONTROLADO
Término no controlado FAMILIA
653 0# - TERMINO DE INDIZACION - NO CONTROLADO
Término no controlado NIÑOS
904 ## - ELEMENTOS DE DATOS D LOCAL, LDD (RLIN)
a AC
b 013671
905 ## - TIPO DE MATERIAL
Tipo de material Articulo

No items available.